| 000 | 00907nam a22002297a 4500 | ||
|---|---|---|---|
| 005 | 20081022102327.0 | ||
| 008 | 081022t xxu||||| |||| 00| 0 eng d | ||
| 010 | _aENG-84265 | ||
| 020 | _a8171324630 | ||
| 020 | _c675.00 (hb) | ||
| 035 | _aEN-67798 | ||
| 082 | _a658.45 | ||
| 100 | _aTiwari, Ramesh | ||
| 245 |
_aBusiness communication / _cby Ramesh Tiwari |
||
| 260 |
_aJaipur _bPointer Publishers |
||
| 260 | _c2006 | ||
| 300 |
_aiv,273p _c22cm |
||
| 500 | _aIncludes bibliographical references and index | ||
| 942 |
_2ddc _cEN _h658.45 _mTIW |
||
| 999 |
_c17604 _d17604 |
||